000 00447nam a2200169Ia 4500
008 180921t2016 xxu||||| |||| 00| 1 sin d
041 _asin
080 _aX8C31
_bDED
100 _aDedduwage, Maleesha Kaumadee
245 _aපින් පිරූ පැතුමක්
246 _aPin Piru Pathumak
260 _bAuthor
_aHomagama
_c2016
300 _a95p., 21cm
942 _cBK
999 _c8264
_d8264
003 LK-CoDNM
040 _aLK-CoDNM
_dLK-CoDNM
_eLK-CoDNM